Bimbingan istilah sastera : taman ujana sastera utusan

Bibliographic Details
Main Author: Rahman Shaari
Format: Book
Published: Kuala Lumpur : Utusan Publications & Distributors Sdn Bhd , 2002

MARC

LEADER 00000cam a2200000 7i4500
001 0000061944
005 20160326.0
008 160326
020 |a 9676112674 
090 0 0 |a 899.23014   |b RAH 
100 1 |a Rahman Shaari 
245 1 0 |a Bimbingan istilah sastera :   |b taman ujana sastera utusan   |c Rahman Shaari 
260 |a Kuala Lumpur :   |b Utusan Publications & Distributors Sdn Bhd ,   |c 2002 
999 |a 0000911432   |b Book   |c Adult Collection   |e Cawangan Bandar Tenggara